LEADER 01334nam a2200277 i 4500 001 000000159860 003 CaOOAMICUS 005 20070314000000.0 008 070314s2006 it u000 u ita u 013 $a137223 020 $a88-7624-939-7 040 $aSeMil$bita 245 10$aArturo Martini /$cA cura di Claudia Gian Ferrari, Elena Pontiggia, Livia Velani. 260 $aGinevra ; Milano :$bSkira,$c2006. 300 $a303 p. :$briccamente ill. ;$c28x25 cm. 500 $aCatalogo della Mostra tenuta a Milano, 8 novembre 2006 - 4 febbraio 2007 Fondazione Stelline, Museo della Permanente ; Roma, 25 febbraio - 13 maggio 2007 Galleria nazionale d'Arte Moderna. - Contiene : Bibliografia. - Dono del Card. Dionigi Tettamanzi. 700 1 $aGian Ferrari, Claudia <1945-2010>.$0(OLS)http://semarc/name/42028 700 1 $aVelani, Livia.$0(OLS)http://semarc/name/42029 700 1 $aPontiggia, Elena,$d<1955- >.$0(OLS)http://semarc/name/19239 850 $aSeMil 852 $aSeMil$W1$xVenegono$y1$m5Q XVI 3$j111378$B111378$CSeMilBibl$Z2$F122020 $8I 941 1 $a5 961 $aOmaggio: Tettamanzi Card. Dionigi 996 $6020$a88-7624-939-7$9(OLS)http://semarc/number/75524 996 $6245$aArturo Martini$9(OLS)http://semarc/title/142147 996 $6260$aGinevra ; Milano :$bSkira$9(OLS)http://semarc/publisher/44264 LEADER 01148nam a2200265 i 4500 001 000000250023 003 CaOOAMICUS 005 20160711000000.0 008 160711s2014 it u000 u ita u 013 $a228928 020 $a978-88-7602-205-0 040 $aSeMil$bita 100 1 $aMangione, Daniela.$0(OLS)http://semarc/name/83330 245 10$aTransformative learning e pedagogia degli adulti :$bdue esperienze teatrali in situazione /$cDaniela Mangione. 260 $aTerlizzi (Ba) :$bInsieme,$c2014. 300 $a310 p. ;$c21 cm. 490 0 $aPedagogia degli adulti ;$v10 650 4$aPedagogia.$0(OLS)http://semarc/subject/1060 830 0$aPedagogia degli adulti ;$v10.$0(OLS)http://semarc/title/44999 850 $aSeMil 852 $aSeMil$W1$xVenegono$y1$m2Q II 463$j200369$B200369$CSeMilBibl$Z2$F212471 $81 961 $aOmaggio: Altro 996 $6020$a978-88-7602-205-0$9(OLS)http://semarc/number/260360 996 $6245$aTransformative learning e pedagogia degli adulti :$bdue esperienze teatrali in situazione$9(OLS)http://semarc/title/352213 996 $6260$aTerlizzi (Ba) :$bInsieme$9(OLS)http://semarc/publisher/35218